Management of lasik complications / (رقم التسجيلة. 16079)
[ عرض عادي ]
| 000 -LEADER | |
|---|---|
| fixed length control field | 01483nam a2200349 a 4500 |
| 003 - CONTROL NUMBER IDENTIFIER | |
| control field | EG-GiCUC |
| 005 - DATE AND TIME OF LATEST TRANSACTION | |
| control field | 20250223025600.0 |
| 008 - FIXED-LENGTH DATA ELEMENTS--GENERAL INFORMATION | |
| fixed length control field | 090415s2008 ua h f m 000 0 eng d |
| 040 ## - CATALOGING SOURCE | |
| Original cataloging agency | EG-GiCUC |
| Language of cataloging | eng |
| Transcribing agency | EG-GiCUC |
| 041 0# - LANGUAGE CODE | |
| Language code of text/sound track or separate title | eng. |
| 049 ## - LOCAL HOLDINGS (OCLC) | |
| Holding library | Deposite |
| 097 ## - Thesis Degree | |
| Thesis Level | M.Sc. |
| 099 ## - LOCAL FREE-TEXT CALL NUMBER (OCLC) | |
| Classification number | Cai01.11.24.M.Sc.2008.Ah.M |
| 100 0# - MAIN ENTRY--PERSONAL NAME | |
| Personal name | Ahmed Sayed Abdelmoez |
| 245 10 - TITLE STATEMENT | |
| Title | Management of lasik complications / |
| Statement of responsibility, etc. | Ahmed Sayed Abdelmoez ; Supervised Ali Mohamed Taha , Hesham Fath Allah Elsheikh |
| 246 15 - VARYING FORM OF TITLE | |
| Title proper/short title | مناجزة مضاعفات الليزك |
| 260 ## - PUBLICATION, DISTRIBUTION, ETC. | |
| Place of publication, distribution, etc. | Cairo : |
| Name of publisher, distributor, etc. | Ahmed Sayed Abdelmoez , |
| Date of publication, distribution, etc. | 2008 |
| 300 ## - PHYSICAL DESCRIPTION | |
| Extent | 155 P. : |
| Other physical details | facsimiles ; |
| Dimensions | 25cm |
| 502 ## - DISSERTATION NOTE | |
| Dissertation note | Thesis (M.Sc.) - Cairo University - Faculty of Medicine - Department of Ophthalmology |
| 520 ## - SUMMARY, ETC. | |
| Summary, etc. | Most LASIK complications can be either prevented or more effectively managed through surgical techniques.Knowledge of potential LASIK complications will allow prevention of several of these complications.The risk of many complications can be decreased by appropriate patient seection and preoperative,surgical and postoperative care |
| 530 ## - ADDITIONAL PHYSICAL FORM AVAILABLE NOTE | |
| Additional physical form available note | Issued also as CD |
| 653 #4 - INDEX TERM--UNCONTROLLED | |
| Uncontrolled term | Preoperative |
| 653 #4 - INDEX TERM--UNCONTROLLED | |
| Uncontrolled term | Complications |
| 653 #4 - INDEX TERM--UNCONTROLLED | |
| Uncontrolled term | Management of lasik |
| 700 0# - ADDED ENTRY--PERSONAL NAME | |
| Personal name | Ali Mohamed Taha , |
| Relator term | |
| 700 0# - ADDED ENTRY--PERSONAL NAME | |
| Personal name | Hesham Fath Allah Elsheikh , |
| Relator term | |
| 856 ## - ELECTRONIC LOCATION AND ACCESS | |
| Uniform Resource Identifier | <a href="http://172.23.153.220/th.pdf">http://172.23.153.220/th.pdf</a> |
| 902 ## - LOCAL DATA ELEMENT B, LDB (RLIN) | |
| No. of Items | 1 |
| 905 ## - LOCAL DATA ELEMENT E, LDE (RLIN) | |
| Cataloger | Fatma |
| Reviser | Cataloger |
| 905 ## - LOCAL DATA ELEMENT E, LDE (RLIN) | |
| Cataloger | Nazla |
| Reviser | Revisor |
| 942 ## - ADDED ENTRY ELEMENTS (KOHA) | |
| Source of classification or shelving scheme | Dewey Decimal Classification |
| Koha item type | Thesis |
| Source of classification or shelving scheme | Not for loan | Home library | Current library | Date acquired | Full call number | Barcode | Date last seen | Koha item type | Copy number |
|---|---|---|---|---|---|---|---|---|---|
| Dewey Decimal Classification | المكتبة المركزبة الجديدة - جامعة القاهرة | قاعة الرسائل الجامعية - الدور الاول | 11.02.2024 | Cai01.11.24.M.Sc.2008.Ah.M | 01010110050899000 | 22.09.2023 | Thesis | ||
| Dewey Decimal Classification | المكتبة المركزبة الجديدة - جامعة القاهرة | مخـــزن الرســائل الجـــامعية - البدروم | 11.02.2024 | Cai01.11.24.M.Sc.2008.Ah.M | 01020110050899000 | 22.09.2023 | CD - Rom | 50899.CD |